[Event "HUN-chT U18"]
[Site "Budapest"]
[Date "2019.10.28"]
[Round "4.5"]
[White "Bernath, Bence"]
[Black "Kiss, Rebeka"]
[Result "1-0"]
[WhiteElo "2004"]
[BlackElo "1743"]
[PlyCount "187"]
[EventDate "2019.10.26"]
[EventType "team-swiss"]
[EventRounds "7"]
[EventCountry "HUN"]
[SourceTitle "CBM 192 Extra"]
[Source "Chessbase"]
[SourceDate "2019.11.06"]
[SourceVersion "1"]
[SourceVersionDate "2019.11.06"]
[SourceQuality "1"]
[WhiteTeam "Paks Atomeromu"]
[BlackTeam "Meritum Egyesuelet"]
[WhiteTeamCountry "HUN"]
[BlackTeamCountry "HUN"]

1. e4 e5 2. Nf3 Nc6 3. Bb5 a6 4. Ba4 Nf6 5. 0-0 Be7 6. Re1 b5 7. Bb3 d6 8. c3 0-0 9. h3 Na5 10. Bc2 c5 11. d4 Qc7 12. Nbd2 Re8 13. Nf1 Bf8 14. Ng3 g6 15. d5 c4 16. Nh2 Bg7 17. Kh1 Nb7 18. f4 exf4 19. Bxf4 Nd7 20. Nf3 Nbc5 21. Qd2 a5 22. Bh6 Bh8 23. Qf4 Ne5 24. Rf1 Qe7 25. Nd4 Ncd3 26. Bxd3 Nxd3 27. Nc6 Nxf4 28. Nxe7+ Rxe7 29. Bxf4 Ra6 30. a3 Rb6 31. Be3 Rb8 32. Bg5 Re8 33. Bf6 Bg7 34. Rf2 Ba6 35. Raf1 Rb7 36. Kg1 h5 37. Bxg7 Kxg7 38. h4 Rc7 39. Rf6 Rd8 40. e5 Bb7 41. e6 Bxd5 42. Rxf7+ Rxf7 43. Rxf7+ Kg8 44. Rd7 Re8 45. e7 Kf7 46. Rxd6 Be6 47. Rb6 Bd7 48. Ne4 Rxe7 49. Nd6+ Kg7 50. Nxb5 Bxb5 51. Rxb5 Re2 52. Rxa5 Rxb2 53. Rc5 Rb3 54. Rxc4 Rxa3 55. Rc6 Ra2 56. c4 Rc2 57. c5 Rc4 58. g3 Rc2 59. Rc7+ Kf6 60. Rc8 Kf7 61. c6 Kg7 62. c7 Kh7 63. Kf1 Kg7 64. Ke1 Kh7 65. Kd1 Rc5 66. Kd2 Kg7 67. Kd3 g5 68. hxg5 Rc1 69. Ke4 Re1+ 70. Kf3 Rc1 71. g6 Rc4 72. Ke3 Rc2 73. Kd4 Rc6 74. Kd5 Rc1 75. Ke6 Re1+ 76. Kf5 Rf1+ 77. Kg5 Rc1 78. Kxh5 Rh1+ 79. Kg5 Rc1 80. g4 Rc4 81. Kh5 Rc5+ 82. g5 Rc4 83. Ra8 Rxc7 84. Ra4 Re7 85. Rf4 Rd7 86. Rf7+ Rxf7 87. gxf7 Kxf7 88. Kh6 Kg8 89. Kg6 Kh8 90. Kf7 Kh7 91. g6+ Kh6 92. g7 Kh5 93. g8Q Kh6 94. Qg6# 1-0

[Event "HUN-chT U18"]
[Site "Budapest"]
[Date "2019.10.27"]
[Round "2.5"]
[White "Kiss, Rebeka"]
[Black "Toth, Lili1111"]
[Result "1-0"]
[WhiteElo "1743"]
[BlackElo "1604"]
[PlyCount "119"]
[EventDate "2019.10.26"]
[EventType "team-swiss"]
[EventRounds "7"]
[EventCountry "HUN"]
[SourceTitle "CBM 192 Extra"]
[Source "Chessbase"]
[SourceDate "2019.11.06"]
[SourceVersion "1"]
[SourceVersionDate "2019.11.06"]
[SourceQuality "1"]
[WhiteTeam "Meritum Egyesuelet"]
[BlackTeam "Budapest MTK II"]
[WhiteTeamCountry "HUN"]
[BlackTeamCountry "HUN"]

1. e4 e5 2. Nf3 Nc6 3. Bc4 Nf6 4. Ng5 d5 5. exd5 Na5 6. Bb5+ c6 7. dxc6 bxc6 8. Be2 h6 9. Nf3 e4 10. Ne5 Bd6 11. Ng4 Bxg4 12. Bxg4 0-0 13. Bh3 Qc7 14. g3 Nc4 15. 0-0 Ne5 16. Bg2 Qd7 17. d3 exd3 18. cxd3 Rab8 19. Nc3 Bc5 20. Ne4 Nxe4 21. dxe4 Qd4 22. Qe2 Ba3 23. b3 Qxa1 24. Bxa3 Qd4 25. Bxf8 Rxf8 26. Rd1 Qb6 27. Qd2 Re8 28. Qd4 Qc7 29. f4 Ng6 30. e5 Rc8 31. Kh1 Ne7 32. Qd6 Nf5 33. Qxc7 Rxc7 34. Be4 g6 35. Bxf5 gxf5 36. Rd6 Kg7 37. Kg2 c5 38. Ra6 Rd7 39. Ra5 Rc7 40. Kf3 f6 41. Ra6 fxe5 42. fxe5 c4 43. bxc4 Rxc4 44. Rxa7+ Kg6 45. Ra6+ Kg5 46. h4+ Kh5 47. Rf6 Ra4 48. Rxf5+ Kg6 49. Rf4 Rxa2 50. Re4 Ra8 51. e6 Re8 52. e7 Kf7 53. Kg4 Rxe7 54. Rxe7+ Kxe7 55. Kh5 Kf7 56. Kxh6 Kg8 57. g4 Kh8 58. g5 Kg8 59. g6 Kh8 60. g7+ 1-0

[Event "HUN-chT U18"]
[Site "Budapest"]
[Date "2019.10.27"]
[Round "3.5"]
[White "Kocsmar, Akos"]
[Black "Kiss, Rebeka"]
[Result "1-0"]
[WhiteElo "1916"]
[BlackElo "1743"]
[PlyCount "65"]
[EventDate "2019.10.26"]
[EventType "team-swiss"]
[EventRounds "7"]
[EventCountry "HUN"]
[SourceTitle "CBM 192 Extra"]
[Source "Chessbase"]
[SourceDate "2019.11.06"]
[SourceVersion "1"]
[SourceVersionDate "2019.11.06"]
[SourceQuality "1"]
[WhiteTeam "Szeged Maroczy"]
[BlackTeam "Meritum Egyesuelet"]
[WhiteTeamCountry "HUN"]
[BlackTeamCountry "HUN"]

1. d4 d5 2. c4 c6 3. Nf3 Nf6 4. e3 g6 5. Nc3 Bg7 6. Be2 0-0 7. 0-0 Nbd7 8. b3 e6 9. Bb2 Qa5 10. Qc2 c5 11. cxd5 exd5 12. Na4 cxd4 13. Nxd4 Ne5 14. Ba3 Re8 15. b4 Qd8 16. Rac1 Bd7 17. Nc5 b6 18. Nxd7 Nfxd7 19. Qb3 Nf6 20. h3 g5 21. Bb5 Re7 22. f4 Nc4 23. Bxc4 dxc4 24. Rxc4 Qe8 25. Nf5 Re6 26. fxg5 Ne4 27. Bb2 Bxb2 28. Qxb2 Rg6 29. Nh6+ Rxh6 30. gxh6 f6 31. Qc2 Ng5 32. Qb3 Qg6 33. Rc8# 1-0

[Event "HUN-chT2 Toth 1819"]
[Site "Hungary"]
[Date "2019.04.28"]
[Round "11.11"]
[White "Kiss, Rebeka"]
[Black "Hideg, Gergo Benedek"]
[Result "1-0"]
[WhiteElo "1692"]
[BlackElo "1484"]
[PlyCount "103"]
[EventDate "2018.09.23"]
[EventType "team-tourn"]
[EventRounds "11"]
[EventCountry "HUN"]
[SourceTitle "EXT 2021"]
[Source "ChessBase"]
[SourceDate "2020.10.23"]
[SourceVersion "1"]
[SourceVersionDate "2020.10.23"]
[SourceQuality "1"]
[WhiteTeam "Szeged Meritum"]
[BlackTeam "Felegyhaza Csongrad"]
[WhiteTeamCountry "HUN"]
[BlackTeamCountry "HUN"]

1. e4 d5 2. exd5 Qxd5 3. Nc3 Qa5 4. d4 Nf6 5. Bc4 c6 6. Nf3 Bg4 7. Bb3 e6 8. 0-0 Be7 9. h3 Bh5 10. Bf4 0-0 11. Qd3 Nbd7 12. Ne2 Nd5 13. Bg3 Bg6 14. Qd1 h6 15. c3 N7f6 16. Ne5 Bh7 17. Bc2 Bxc2 18. Qxc2 c5 19. dxc5 Bxc5 20. b4 Bxb4 21. cxb4 Qxb4 22. Rab1 Qe7 23. Qb3 Nb6 24. Nc3 Qc5 25. Rfc1 Qd4 26. Rd1 Qc5 27. Rbc1 Rac8 28. Nb5 Qxc1 29. Rxc1 Rxc1+ 30. Kh2 Nc8 31. Bh4 Nd5 32. Nd7 Re8 33. Qg3 Kh8 34. Ne5 f6 35. Nf7+ Kh7 36. Nbd6 Re7 37. Nxc8 Rxf7 38. Nxa7 g5 39. Qd3+ f5 40. Bg3 Ra1 41. Qe2 Re7 42. Be5 Rc1 43. Bb2 Rcc7 44. Nb5 Rc6 45. Qe5 Rb6 46. g4 fxg4 47. hxg4 Kg8 48. Qh8+ Kf7 49. a4 Ra6 50. Ba3 Rd7 51. Qh7+ Ke8 52. Qg8# 1-0

[Event "HUN-chT2 Toth 1617"]
[Site "Hungary"]
[Date "2016.11.27"]
[Round "5.10"]
[White "Kiss, Rebeka"]
[Black "Gyorgydeak, Tibor"]
[Result "0-1"]
[WhiteElo "1700"]
[BlackElo "1795"]
[PlyCount "132"]
[EventDate "2016.09.25"]
[EventType "team-tourn"]
[EventRounds "11"]
[EventCountry "HUN"]
[SourceTitle "EXT 2021"]
[Source "ChessBase"]
[SourceDate "2020.10.23"]
[SourceVersion "1"]
[SourceVersionDate "2020.10.23"]
[SourceQuality "1"]
[WhiteTeam "Szeged Meritum"]
[BlackTeam "Gyula"]
[WhiteTeamCountry "HUN"]
[BlackTeamCountry "HUN"]

1. e4 e5 2. Nf3 Nc6 3. Bc4 Bc5 4. c3 Nf6 5. d3 d6 6. Nbd2 0-0 7. Nf1 Ng4 8. Be3 Nxe3 9. Nxe3 Bxe3 10. fxe3 Qe7 11. Bb3 Bg4 12. Qe2 Be6 13. Bc2 a5 14. Qf2 d5 15. exd5 Bxd5 16. e4 Be6 17. Qg3 f6 18. Nh4 Qd7 19. 0-0 Ne7 20. Rf2 Qb5 21. b3 Qc5 22. c4 Kh8 23. Raf1 Rad8 24. Kh1 b6 25. Nf5 Bxf5 26. exf5 Nc6 27. Bb1 Rd4 28. Re2 Rfd8 29. h3 Qd6 30. Re3 Nb4 31. Rff3 Na6 32. Kh2 Nc5 33. Bc2 Qd7 34. h4 Nb7 35. Re4 Qf7 36. Qf2 Nc5 37. Rxd4 Rxd4 38. Qg3 Qh5 39. Kh3 Nb7 40. Bd1 Nc5 41. Rf1 Qf7 42. Be2 Qd7 43. Rf3 g6 44. Kh2 gxf5 45. h5 Rd6 46. h6 f4 47. Qh4 Qf7 48. Rh3 Ne6 49. Kg1 Ng5 50. Rh1 Qg6 51. Kf2 Qf5 52. Qh5 Rd8 53. Rd1 c5 54. Qh4 Qg6 55. Rh1 Rg8 56. a4 Ne6 57. Bg4 Nd4 58. Rb1 f5 59. Bh3 Qd6 60. Rb2 e4 61. dxe4 fxe4 62. Bd7 e3+ 63. Ke1 Qe5 64. Ra2 f3 65. g4 f2+ 66. Kf1 e2+ 0-1

[Event "HUN-chT Csongrad Region"]
[Site "Hungary"]
[Date "2016.04.10"]
[Round "8.1"]
[White "Balassy, Gabor"]
[Black "Kiss, Rebeka"]
[Result "1/2-1/2"]
[WhiteElo "1685"]
[BlackElo "1702"]
[PlyCount "55"]
[EventDate "2015.09.20"]
[EventType "team-tourn"]
[EventRounds "9"]
[EventCountry "HUN"]
[SourceTitle "EXT 2017"]
[Source "ChessBase"]
[SourceDate "2016.10.25"]
[SourceVersion "1"]
[SourceVersionDate "2016.10.25"]
[SourceQuality "1"]

1. d4 d5 2. Bf4 Nf6 3. e3 g6 4. h3 Bg7 5. Nd2 0-0 6. Ngf3 Nbd7 7. Be2 c5 8. c3 cxd4 9. exd4 Nb6 10. Bd3 Bd7 11. 0-0 Qc8 12. Ne5 Bf5 13. Re1 Bxd3 14. Nxd3 Qf5 15. Qf3 Rfe8 16. Re5 Qd7 17. Re2 Qf5 18. Rae1 Bf8 19. Ne5 Nh5 20. Bh2 Qxf3 21. Nexf3 Nf6 22. Ne5 Nfd7 23. Ndf3 Nxe5 24. Nxe5 Rad8 25. Ng4 Nd7 26. Bf4 e6 27. Be5 Bg7 28. Bxg7 1/2-1/2

[Event "HUN-chT Csongrad Region"]
[Site "Hungary"]
[Date "2016.02.21"]
[Round "6.1"]
[White "Balatoni, Gyorgy"]
[Black "Kiss, Rebeka"]
[Result "0-1"]
[WhiteElo "1772"]
[BlackElo "1702"]
[PlyCount "148"]
[EventDate "2015.09.20"]
[EventType "team-tourn"]
[EventRounds "9"]
[EventCountry "HUN"]
[SourceTitle "EXT 2017"]
[Source "ChessBase"]
[SourceDate "2016.10.25"]
[SourceVersion "1"]
[SourceVersionDate "2016.10.25"]
[SourceQuality "1"]

1. c4 c6 2. Nc3 Nf6 3. e4 e5 4. Nf3 d6 5. Be2 Be7 6. 0-0 0-0 7. d4 Nbd7 8. Be3 Qc7 9. h3 Nb6 10. Rc1 exd4 11. Nxd4 Be6 12. Qb3 Rfe8 13. f4 Rad8 14. f5 Bc8 15. Qc2 Bf8 16. Bf4 Nbd7 17. g4 Nc5 18. Bf3 g6 19. g5 Nfd7 20. b4 Na6 21. a3 Ne5 22. Be2 Bg7 23. Rcd1 Nd7 24. f6 Bf8 25. h4 Ne5 26. Bxe5 dxe5 27. Nf3 Bg4 28. Rxd8 Rxd8 29. Rd1 Bxf3 30. Bxf3 Rxd1+ 31. Qxd1 Qd6 32. Qxd6 Bxd6 33. c5 Bb8 34. Be2 Nc7 35. Bc4 b6 36. cxb6 axb6 37. Kf2 Ne8 38. a4 Bc7 39. Kf3 Nd6 40. Ba6 Kf8 41. Ke3 Ke8 42. Kd3 Kd7 43. Bc4 Nxc4 44. Kxc4 Bd6 45. Ne2 Bf8 46. Ng1 h5 47. Nf3 Bd6 48. Nd2 Kc7 49. Nb3 Kb7 50. a5 bxa5 51. Nxa5+ Kb6 52. Nb3 Kc7 53. Nc5 Kb6 54. Na4+ Kb7 55. Nc3 Bb8 56. Na4 Ba7 57. Nc5+ Kc7 58. b5 cxb5+ 59. Kxb5 Kc8 60. Kc6 Kd8 61. Nb7+ Ke8 62. Nd6+ Kf8 63. Kd5 Bf2 64. Kxe5 Bxh4 65. Kf4 Be1 66. Nc4 Bb4 67. Kf3 Ke8 68. e5 Kd7 69. Kg3 Ke6 70. Nb2 Bc3 71. Nd3 Bxe5+ 72. Kh4 Kf5 73. Ne1 Bf4 74. Nf3 Be3 0-1

[Event "HUN-ch U12 Girls"]
[Site "Balatonlelle"]
[Date "2013.06.28"]
[Round "8"]
[White "Kiss, Rebeka"]
[Black "Erseki, Tamara"]
[Result "1/2-1/2"]
[WhiteElo "1512"]
[BlackElo "1632"]
[PlyCount "77"]
[EventDate "2013.??.??"]
[EventType "tourn"]
[EventRounds "9"]
[EventCountry "HUN"]
[SourceTitle "EXT 2014"]
[Source "ChessBase"]
[SourceDate "2013.11.20"]
[SourceVersion "1"]
[SourceVersionDate "2013.11.20"]
[SourceQuality "1"]

1. e4 c5 2. Nf3 d6 3. d4 cxd4 4. Nxd4 Nf6 5. Nc3 g6 6. Be3 Bg7 7. f3 0-0 8. Qd2 Nc6 9. 0-0-0 Nxd4 10. Bxd4 Be6 11. Kb1 Rc8 12. g4 a6 13. h4 b5 14. a3 Qd7 15. Be2 Rfd8 16. h5 Rb8 17. h6 Bh8 18. g5 Ne8 19. Bxh8 Kxh8 20. Qd4+ Kg8 21. Nd5 a5 22. b3 a4 23. b4 Bxd5 24. Qxd5 Nc7 25. Qd4 e5 26. Qe3 Ne6 27. Rd2 Qe7 28. Rc1 Nd4 29. Rcd1 Qe6 30. Rxd4 exd4 31. Qxd4 Qe5 32. Qxe5 dxe5 33. Rxd8+ Rxd8 34. Bxb5 Kf8 35. Kc1 Ke7 36. Bxa4 Ra8 37. Bb5 Rxa3 38. Be2 Kd6 39. Kd2 1/2-1/2

[Event "HUN-ch U12 Girls"]
[Site "Balatonlelle"]
[Date "2013.06.23"]
[Round "3"]
[White "Kocsis, Anett"]
[Black "Kiss, Rebeka"]
[Result "1-0"]
[WhiteElo "1644"]
[BlackElo "1512"]
[PlyCount "109"]
[EventDate "2013.??.??"]
[EventType "tourn"]
[EventRounds "9"]
[EventCountry "HUN"]
[SourceTitle "EXT 2014"]
[Source "ChessBase"]
[SourceDate "2013.11.20"]
[SourceVersion "1"]
[SourceVersionDate "2013.11.20"]
[SourceQuality "1"]

1. e4 e5 2. Nf3 Nc6 3. Bb5 a6 4. Ba4 Nf6 5. 0-0 Be7 6. Re1 0-0 7. Bxc6 bxc6 8. Nxe5 Bb7 9. d3 d6 10. Nf3 c5 11. Nc3 Re8 12. Bd2 Rb8 13. Rb1 Bf8 14. Ne2 g6 15. Ng3 Bg7 16. Bc3 Bc6 17. Qd2 Rf8 18. h3 Ne8 19. Bxg7 Nxg7 20. Qh6 Ne6 21. Qd2 Qf6 22. c3 Qf4 23. Ne2 Qxd2 24. Nxd2 Bb5 25. c4 Bd7 26. Nf3 Rb7 27. b3 Rfb8 28. Rb2 Nd8 29. d4 cxd4 30. Nexd4 Nc6 31. Nxc6 Bxc6 32. Nd4 Bd7 33. Rbe2 Re8 34. e5 dxe5 35. Rxe5 Rbb8 36. Rxe8+ Rxe8 37. Rxe8+ Bxe8 38. Kf1 Kf8 39. Ke2 Ke7 40. Kd3 Kd7 41. Ke4 Kd6 42. f3 Bd7 43. g4 f6 44. a3 Be6 45. Nxe6 Kxe6 46. Kd4 Kd6 47. f4 c6 48. b4 h5 49. gxh5 gxh5 50. f5 h4 51. a4 c5+ 52. bxc5+ Kc6 53. a5 Kc7 54. Kd5 Kd7 55. c6+ 1-0